'G' Entertainment Images II Quiz Stats

Quiz Updated Jun 18, 2016

Challenge
Share
Tweet
Score 0/25 Timer 04:00
3 Plays Today
% Correct
Goofy
97.9%
The Godfather
91.2%
Good Will Hunting
89.2%
Whoopi Goldberg
89%
Bill Gates
84.6%
George Jetson (The Jetsons)
84.5%
The Goonies
79%
Gone With the Wind
78.6%
John Goodman
77%
Gromit (Wallace and Gromit)
75.8%
Selena Gomez
74.3%
Grace Adler (Will & Grace)
69.4%
Gangnam Style (PSY)
64.1%
% Correct
Ginger Grant (Gilligan's Island)
57.5%
Gloria Delgado-Pritchett (Modern Family)
56.3%
Gary (SpongeBob SquarePants)
55.6%
Girls Just Want to Have Fun (Cyndi Lauper)
55.3%
Judy Garland
54.5%
Genie in a Bottle (Christina Aguilera)
47.4%
Glenn Quagmire (Family Guy)
47.3%
Gold Digger (Kanye West feat. Jamie Foxx)
40.4%
Garden State
36.5%
Gabrielle Solis (Desperate Housewives)
18.3%
Goodbye Earl (The Dixie Chicks)
18.1%
Gemma Teller Morrow (Sons of Anarchy)
11.8%

You're not logged in!

Compare scores with friends on all Sporcle quizzes.
Sign Up with Email
OR
Log In

You Might Also Like...

Show Comments

Extras

Top Quizzes Today


Score Distribution

Your Account Isn't Verified!

In order to create a playlist on Sporcle, you need to verify the email address you used during registration. Go to your Sporcle Settings to finish the process.